000 00309nam a2200133Ia 4500
005 20251222140052.0
008 251222s1900||||xx |||||||||||||| ||spa||
082 _a160/R84
100 _aRosales Papa, Diógenes
245 0 _aIntroducción a la Lógica
250 _a2a.ed.
264 _bLubraso
942 _cLIB
999 _c3619
_d3619